Comparative world politics ; readings in Western and premodern non-Western international relations /

সংরক্ষণ করুন:
গ্রন্থ-পঞ্জীর বিবরন
প্রধান লেখক: Larus, Joel (ed.)
বিন্যাস: Sách giấy
ভাষা:English
প্রকাশিত: Belmont, California : Wadsworth Pub. Co., 1964.
ট্যাগগুলো: ট্যাগ যুক্ত করুন
কোনো ট্যাগ নেই, প্রথমজন হিসাবে ট্যাগ করুন!
Thư viện lưu trữ: Thư viện Trường Đại học Đà Lạt
LEADER 00687nam a2200265 4500
001 DLU100110445
005 ##2010085
040 # # |a DLU  |b vie 
041 # # |a eng 
044 # # |a us 
082 # # |a 327  |b Com 
100 # # |a Larus, Joel ,  |e ed. 
245 # # |a Comparative world politics ;  |b readings in Western and premodern non-Western international relations /  |c Joel Larus. 
260 # # |a Belmont, California :  |b Wadsworth Pub. Co.,  |c 1964. 
300 # # |a ix, 274 p. ;  |c 23 cm. 
923 # # |a 100/2010 
992 # # |a 0 
994 # # |a DLU 
900 # # |a True 
911 # # |a Lý Thị Hồng Hạnh 
925 # # |a G 
926 # # |a A 
927 # # |a SH 
980 # # |a Thư viện Trường Đại học Đà Lạt